| 000 | 00645nam a2200217 i 4500 | ||
|---|---|---|---|
| 001 | 6808 | ||
| 003 | ES-MaACL | ||
| 005 | 20250825074047.0 | ||
| 007 | t| | ||
| 008 | 900601s1990 sp ||||1| spa d | ||
| 020 | _a84-7028-169-0 | ||
| 080 | _a001:070.1 | ||
| 080 | _a070.1 | ||
| 100 | 1 |
_aCalvo Hernando, Manuel. _933886 |
|
| 245 | 1 | 0 |
_aCiencia y periodismo / _cManuel Calvo Hernando. |
| 260 |
_aBarcelona : _bCentro de Estudios para el Fomento de la Investigacion, _c1990. |
||
| 300 |
_a167 p. ; _c22 cm. |
||
| 650 | 1 | 7 |
_aPeriodismo cientÃfico _2embne _915955 |
| 852 |
_aES-MaACL _jL-14035 _bR.118039 _z. - rust. |
||
| 999 |
_c6808 _d6808 |
||